| 000 | 00000nam 2200000za 4500 |
| 001 | 9.844766 |
| 003 | CaOODSP |
| 005 | 20221107152819 |
| 007 | cr ||||||||||| |
| 008 | 170928s2017 onc #oz f000 0 fre d |
| 020 | |a978-0-660-20398-0 |
| 040 | |aCaOODSP|bfre |
| 041 | |afre|aeng |
| 043 | |an-cn---|ae-fr--- |
| 086 | 1 |aFR4-2017/22-PDF |
| 245 | 00|aFrance / Social Security - Implementing Agreement concerning the Agreement between the Government of Canada and the Government of the French Republic on Social Security |h[ressource électronique] = |bFrance / Sécurité sociale - Accord d’application concernant l’Accord entre le Gouvernement du Canada et le Gouvernement de la République française sur la sécurité sociale. |
| 246 | 11|aFrance / Sécurité sociale - Accord d’application concernant l’Accord entre le Gouvernement du Canada et le Gouvernement de la République française sur la sécurité sociale |
| 260 | |a[Ottawa] : |bTreaty Law Division of the Department of Foreign Affairs, Trade and Development = Direction du droit des traités du ministère des Affaires étrangères, du commerce et du développement, |cc2017. |
| 300 | |a15, 15 p. |
| 490 | 1 |aTreaty series = Recueil des traités ; |v2017/22 |
| 500 | |a« Fait à Ottawa le 14 mars 2013, En vigueur : le 1er août 2017. » |
| 500 | |aNumérotation répétées sur les pages suppléants. |
| 520 | |a« Présente conformément à l’article 24 de l’Accord entre le Gouvernement du Canada et le Gouvernement de la République française sur la sécurité sociale, fait à Ottawa le 14e jour de mars 2013 ce que les États contractants ont convenu. » -- p. 1. |
| 546 | |aTexte en anglais et en français. |
| 692 | 07|2gccst|aAccord international |
| 692 | 07|2gccst|aSécurité sociale |
| 692 | 07|2gccst|aImplantation |
| 710 | 1 |aCanada. |bAffaires mondiales Canada. |bDirection du droit des traités. |
| 791 | |tFrance / Social Security - Implementing Agreement concerning the Agreement between the Government of Canada and the Government of the French Republic on Social Security |eeng|w(CaOODSP)9.844764 |
| 830 | #0|aCanada treaty series ;|v2017/22.|w(CaOODSP)9.811738 |
| 856 | 40|qPDF|s173 Ko|uhttps://publications.gc.ca/collections/collection_2017/amc-gac/FR4-2017-22.pdf |